000 00973nam a22002297a 4500
008 130821s1994 ck gr spa
040 _aCo-BoUCM
_bspa
041 0 0 _aspa
110 1 _aColombia.
_bMinisterio de Gobierno.
_bDireccción General de Asuntos Indígenas
_9167457
245 1 0 _aFuero indígena Colombiano
_cEl Ministerio ; compiladores Roque Roldan Ortega y John Harold Gómez Vargas
260 _aBogotá (Cundinamarca, Colombia)
_bEl Ministerio
_c1994
300 _a464 páginas
504 _aIncluye índice analítico.
650 0 4 _aDerecho constitucional
_912725
650 0 4 _aDerecho constitucional
_zColombia
_912726
650 0 4 _aIndígenas de Colombia
_xLegislación
_zColombia
_917333
650 0 4 _aIndígenas
_xPolítica y gobierno
_zColombia
_917319
700 1 _aGómez Vargas, John Harold
_ecomp.
_9129739
700 1 _aRoldan Ortega, Roque
_ecomp.
_9146843
942 _cLIBRO
_a8
_e1
_mC718
_2DEWEY
_h342.0872
999 _c69664
_d69664